00335 a2200121 450000100060000008200170000610000360002324500640005926000360012330000200015950000170017960000170019688536 a346.7302 FRE aPhyllis H. Frey, Martin A. Frey aEssentials of Contract LawcPhyllis H. Frey, Martin A. Frey aAustraliabDelmar Cengagec2001 axvi, 303 p.bPb aDOS textbook alaw-contract